[Event "Komercni Banka op"]
[Site "Pardubice"]
[Date "1996.??.??"]
[Round "9"]
[White "Plesek, Jiri"]
[Black "Drbohlav, Frantisek"]
[Result "0-1"]
[WhiteElo "2290"]
[BlackElo "2170"]

1.d4 Nf6 2.Nf3 g6 3.c4 Bg7 4.Nc3 O-O 5.e4 d6 6.Be2 e5 7.Be3 h6 8.O-O Ng4
9.Bc1 Nc6 10.d5 Ne7 11.Nd2 f5 12.Bxg4 fxg4 13.f3 gxf3 14.Rxf3 c6 15.Rxf8+ Bxf8
16.Nf3 Qa5 17.Be3 cxd5 18.Nxd5 Nxd5 19.Qxd5+ Qxd5 20.cxd5 g5 21.Rc1 Be7 22.Nd2 Kf8
23.a3 b6 24.b4 Ke8 25.a4 Bd7 26.b5 a6 27.Nc4 axb5 28.Nxb6 Rb8 29.Rc7 Bg4
30.a5 b4 31.a6 Bd8 32.Rh7 Rxb6 33.Bxb6 Bxb6+ 34.Kf1 Bd7 35.Rh8+ Ke7 36.Rb8 Bc5
37.Rb7 Kd8 38.a7 Bxa7 39.Rxa7 Bb5+ 40.Kf2 Bd3 41.Rb7 Bxe4 42.Rxb4 Bxd5 43.Rb8+ Ke7
44.Rh8 Be6 45.Rxh6 g4 46.h4 gxh3 47.gxh3 d5 48.h4 Bf5 49.Rh5 Kf6 50.Rg5 d4
51.Rg8 e4 52.h5 Be6 53.Rg6+ Kf5 54.Rg1 e3+ 55.Ke1 d3 56.h6 d2+ 57.Ke2 Ke4
58.Ra1 Bg4+  0-1

[Event "Paris op"]
[Site "Paris"]
[Date "1996.??.??"]
[Round "4"]
[White "Prokopchuk, Evgeny"]
[Black "Moracchini, Fabrice"]
[Result "1-0"]
[WhiteElo "2450"]
[BlackElo "2310"]

1.d4 Nf6 2.Nf3 g6 3.c4 Bg7 4.Nc3 d6 5.e4 O-O 6.Be2 e5 7.O-O Nbd7 8.Be3 h6
9.dxe5 dxe5 10.Nd2 Nh7 11.c5 Ng5 12.b4 Ne6 13.Nb3 c6 14.Qd2 Kh7 15.Rfd1 f5
16.f3 Nf4 17.Bf1 Qe7 18.b5 Nf6 19.bxc6 bxc6 20.Qd6 Qf7 21.Qxc6 Bd7 22.Qa6 fxe4
23.Nxe4 N6d5 24.Bf2 g5 25.c6 Bc8 26.Qc4 Be6 27.Qc2 Kh8 28.Nbc5 Bf5 29.Qc4 Bxe4
30.Nxe4 Rfd8 31.Rd2 Qc7 32.Rad1 Nb6 33.Rxd8+ Rxd8 34.Rxd8+ Qxd8 35.c7 Qc8  1-0

[Event "St Petersburg-Paris"]
[Site "Paris"]
[Date "1996.??.??"]
[Round "4"]
[White "Lugovoi, Aleksei"]
[Black "Chomet, Pascal"]
[Result "1-0"]
[WhiteElo "2470"]
[BlackElo "2410"]

1.d4 Nf6 2.c4 g6 3.Nc3 Bg7 4.e4 d6 5.Be2 O-O 6.Nf3 e5 7.d5 a5 8.Bg5 h6 9.Bh4 Na6
10.Nd2 Qe8 11.O-O Bd7 12.b3 h5 13.f3 Nh7 14.a3 Bh6 15.Kh1 Be3 16.Rb1 Bc5
17.Nb5 Qb8 18.Qc1 c6 19.Nc3 Rc8 20.Rd1 Bd4 21.Nf1 b5 22.dxc6 Bxc6 23.Ne3 Nc7
24.Qd2 b4 25.axb4 axb4 26.Ncd5 Nxd5 27.exd5 Bd7 28.Bd3 Rc7 29.Nc2 Bc5 30.Qh6 Qf8
31.Qd2 Ra2 32.Qe1 Qb8 33.Bf2 Rca7 34.Be3 Kg7 35.Bd2 Rb7 36.Ra1 Rxa1 37.Rxa1 Nf6
38.h3 Rb6 39.Ra2 Rb7 40.Qa1 Qd8 41.Ra8 Qc7 42.Qe1 Qb6 43.f4 e4 44.Bxe4 Bxh3
45.Bd3 Bg4 46.f5 Bf2 47.Qa1 Bh4 48.Be3 Qc7 49.Kh2 Qe7 50.g3 Be2 51.Bxe2 Bg5
52.Bxg5 Qxe2+ 53.Kg1  1-0

[Event "Paris op"]
[Site "Paris"]
[Date "1996.??.??"]
[Round "7"]
[White "Karr, Jean Philipp"]
[Black "Demarre, Jacques"]
[Result "1/2-1/2"]
[WhiteElo "2385"]
[BlackElo "2295"]

1.d4 Nf6 2.c4 g6 3.Nc3 Bg7 4.e4 d6 5.Nf3 O-O 6.Be2 e5 7.O-O exd4 8.Nxd4 Re8
9.f3 Nc6 10.Be3 Nh5 11.Nc2 f5 12.Qd2 Nf6 13.Bg5 Be6 14.Rfe1 Qd7 15.Nd5 Rf8
16.exf5 Bxf5 17.Nce3 Be6 18.Nxf6+ Bxf6 19.Bxf6 Rxf6 20.Nd5 Rff8 21.f4 Qg7
22.Bd1 Nd4 23.Re4 c5 24.Re1 Bxd5 25.cxd5 Qf7 26.Bg4 Qf6 27.g3 a5 28.Kg2 b5  1/2-1/2

[Event "Parnu-C"]
[Site "Parnu"]
[Date "1996.??.??"]
[Round "1"]
[White "Litinskaya, Marta I"]
[Black "Kovalevskaya, Ekaterina"]
[Result "1-0"]
[WhiteElo "2355"]
[BlackElo "2335"]

1.d4 Nf6 2.c4 d6 3.Nc3 Nbd7 4.Nf3 g6 5.e4 e5 6.Be2 Bg7 7.O-O O-O 8.Qc2 c6
9.Rd1 Qe7 10.Bf1 a5 11.dxe5 dxe5 12.Na4 h6 13.c5 Re8 14.h3 Nh7 15.Be3 Nhf8
16.Rac1 Ne6 17.b3 Bf8 18.g3 Kh7 19.Bg2 Qf6 20.Qb1 Be7 21.Rc2 Qg7 22.Qc1 Qf8
23.Rc4 Nc7 24.Rc3 Ne6 25.Rc2 f6 26.h4 Qg7 27.Bh3 Ndf8 28.Nb6 Rb8 29.Nxc8 Rbxc8
30.h5 gxh5 31.Bf5+ Kh8 32.Bxh6 Qf7 33.Nh4 Rcd8 34.Be3 Rxd1+ 35.Qxd1 Rd8 36.Rd2 Rxd2
37.Qxd2 Nxc5 38.Qxa5 Nce6 39.Qa8 Nd8 40.Bb6 Qe8 41.Qc8 Kg8 42.a4 c5 43.Bxd8 Qxd8
44.Qxb7 Kf7 45.Kg2 Qd2 46.Qd5+ Qxd5 47.exd5 Bd8 48.Kf3 Ba5 49.Ke2 Ke7 50.f3 Kd6
51.Be4 Kd7 52.Ng2 Kd8 53.Ne3 Nd7 54.Nc4 Bc7 55.Kf2 Ke8 56.Bf5 Kd8 57.Bg6 Bb8
58.Bxh5 Ke7 59.Bg4 Nf8 60.Bf5 Bc7 61.Ke3  1-0

[Event "Parnu-B"]
[Site "Parnu"]
[Date "1996.??.??"]
[Round "9"]
[White "Veingold, Aleksandr"]
[Black "Sepp, Olav"]
[Result "1/2-1/2"]
[WhiteElo "2425"]
[BlackElo "2440"]

1.d4 Nf6 2.Nf3 g6 3.c4 Bg7 4.Nc3 O-O 5.e4 d6 6.Be2 e5 7.O-O Na6 8.Be3 Ng4
9.Bg5 Qe8 10.dxe5 dxe5 11.h3 Nf6 12.Be3 b6 13.a3 Bb7 14.Qc2 Nc5 15.Bxc5 bxc5
16.Nd5 Qb8 17.Nd2 Re8 18.Rfd1 Bc6 19.Nxf6+  1/2-1/2

[Event "ARG-ch"]
[Site "Pena City"]
[Date "1996.??.??"]
[Round "2"]
[White "Slipak, Sergio"]
[Black "Llanos, Guillermo"]
[Result "1-0"]
[WhiteElo "2515"]
[BlackElo "2400"]

1.Nf3 Nf6 2.d4 g6 3.c4 Bg7 4.Nc3 O-O 5.e4 d6 6.Be2 e5 7.d5 Na6 8.Qc2 Nh5
9.g3 f5 10.Nh4 Nf4 11.exf5 gxf5 12.Bxf4 exf4 13.Ng2 Nb4 14.Qd2 f3 15.Bxf3 Qe7+
16.Be2 f4 17.Nxf4 Rxf4 18.gxf4 Bf5 19.O-O Nc2 20.Rad1 Qh4 21.Bf3 Bh3 22.Qxc2 Rf8
23.Ne2 Rf6 24.Ng3 Bxf1 25.Rxf1 Rxf4 26.Bg2 Be5 27.Re1 Qg4 28.Re4 Qg6 29.Qe2 Rf8
30.Rg4  1-0

[Event "Petah Tiqwa"]
[Site "Petah Tiqwa"]
[Date "1996.??.??"]
[Round "3"]
[White "Kanstler, Boris"]
[Black "Tratatovici, Moise"]
[Result "1/2-1/2"]
[WhiteElo "2455"]
[BlackElo "2290"]

1.Nf3 Nf6 2.d4 g6 3.c4 Bg7 4.Nc3 O-O 5.e4 d6 6.Be2 e5 7.Be3 Ng4 8.Bg5 f6
9.Bh4 g5 10.Bg3 Nh6 11.dxe5 dxe5 12.c5 Be6 13.Qa4 c6 14.Bc4 Qe7 15.Qb3 Bf7
16.Na4 Nd7 17.Bxf7+ Nxf7 18.Qxb7 Rab8 19.Qxc6 Rfc8 20.Qa6 Nxc5 21.Nxc5 Qxc5
22.O-O  1/2-1/2

[Event "Petah Tiqwa"]
[Site "Petah Tiqwa"]
[Date "1996.??.??"]
[Round "4"]
[White "Peker, Oleg"]
[Black "Klenburg, Mikhail"]
[Result "1/2-1/2"]
[WhiteElo "2365"]
[BlackElo "2270"]

1.d4 d6 2.Nf3 Nf6 3.c4 g6 4.Nc3 Bg7 5.e4 O-O 6.Be2 e5 7.O-O exd4 8.Nxd4 Re8
9.f3 Nc6 10.Be3 Nh5 11.f4 Nf6 12.Bf3 Bg4 13.Nxc6 Bxf3 14.Qxf3 bxc6 15.Rae1 Qc8
16.e5 dxe5 17.Qxc6 Re6 18.Qf3 exf4 19.Bxf4 c6 20.Bg3 Qd7 21.Rxe6 Qxe6 22.b3 Re8
23.Re1 Qc8 24.Ne4 Nxe4 25.Rxe4 Rxe4 26.Qxe4 Qd7 27.h3 f5 28.Qe2 Bd4+ 29.Kh1 Bc5
30.Kh2  1/2-1/2

[Event "Petah Tiqwa"]
[Site "Petah Tiqwa"]
[Date "1996.??.??"]
[Round "10"]
[White "Peker, Oleg"]
[Black "Tratatovici, Moise"]
[Result "1-0"]
[WhiteElo "2365"]
[BlackElo "2290"]

1.d4 Nf6 2.c4 g6 3.Nc3 Bg7 4.e4 d6 5.Be2 O-O 6.Nf3 Na6 7.O-O e5 8.Be3 Qe8
9.dxe5 dxe5 10.h3 b6 11.a3 Bb7 12.Qc2 Nc5 13.Nd5 Ne6 14.b4 Nxe4 15.Qxe4 f5
16.Qc2 e4 17.Ng5 Nxg5 18.Bxg5 Bxd5 19.cxd5 f4 20.Qxc7 Rf7 21.Qd6 h6 22.Qxg6 hxg5
23.Bh5 Re7 24.Qxg5 Re5 25.Qxg7+ Kxg7 26.Bxe8 Raxe8 27.Rad1 Kf6 28.Rd4 Ke7
29.f3 Kd6 30.fxe4 Rxe4 31.Rxf4 Re1+ 32.Kh2 Ra1 33.Rd3 Ra2 34.Rf6+ Kd7 35.Rg6  1-0

[Event "Pico City op"]
[Site "Pico City"]
[Date "1996.??.??"]
[Round "6"]
[White "Hoffman, Alejandro"]
[Black "Fiorito, Fabian"]
[Result "1/2-1/2"]
[WhiteElo "2450"]
[BlackElo "2470"]

1.d4 Nf6 2.Nf3 g6 3.c4 Bg7 4.Nc3 O-O 5.e4 d6 6.Be2 e5 7.d5 a5 8.Bg5 h6 9.Bh4 Na6
10.Nd2 Qe8 11.a3 Bd7 12.O-O Nh7 13.Kh1 h5 14.f3 Bh6 15.Qc2 Be3 16.Rae1 Kh8
17.Bd1 Bh6 18.b3 Kg8 19.Ndb1 Nc5 20.b4 axb4 21.axb4 Na6 22.Na2 f5 23.exf5 Bxf5
24.Qb3 g5 25.Bf2 Qg6 26.Nbc3 Nf6 27.b5 Nc5 28.Bxc5 dxc5 29.Rxe5 g4 30.Rxf5 Qxf5
31.Bc2 Qe5 32.Bb1 gxf3 33.gxf3 Rf7 34.Ne4 Nxe4 35.Bxe4 Rg7 36.Nc3 Kh8 37.Qc2 Rag8
38.Ne2 Be3 39.f4 Qf6 40.Qb1 Qh4 41.Bf3 Qh3 42.Qa1 h4 43.Be4 Qg4 44.Bf3 Qg6
45.d6 cxd6 46.Bd5 Qg4 47.Qf6 Kh7  1/2-1/2

[Event "JUG-ch Podgorica"]
[Site "Podgorica"]
[Date "1996.??.??"]
[Round "1"]
[White "Stojanovic, Mihajlo"]
[Black "Mozetic, Dejan"]
[Result "1-0"]
[WhiteElo "2435"]
[BlackElo "2495"]

1.d4 Nf6 2.c4 g6 3.Nc3 Bg7 4.e4 d6 5.Nf3 O-O 6.Be2 e5 7.Be3 exd4 8.Nxd4 Re8
9.f3 Nc6 10.Qd2 Nh5 11.g4 Bxd4 12.Bxd4 Nxd4 13.Qxd4 Nf4 14.O-O-O Be6 15.Bf1 Qg5
16.Kc2 Red8 17.h4 Qe5 18.Ne2 c6 19.g5 Nh5 20.Bh3 Bxh3 21.Rxh3 Qe7 22.Rh2 Qc7
23.Nc3 d5 24.Rhd2 dxc4 25.Qxc4 Rxd2+ 26.Rxd2 Rf8 27.Qd4 Qf4 28.Qxa7 b5 29.Qf2 Ng3
30.a3 f6 31.gxf6 Rxf6 32.Qc5 Qxf3 33.Rd8+ Kg7 34.Rd7+ Kh6  1-0

[Event "JUG-ch Podgorica"]
[Site "Podgorica"]
[Date "1996.??.??"]
[Round "2"]
[White "Damljanovic, Branko"]
[Black "Ilincic, Zlatko"]
[Result "0-1"]
[WhiteElo "2510"]
[BlackElo "2555"]

1.c4 Nf6 2.Nc3 g6 3.e4 d6 4.d4 Bg7 5.Nf3 O-O 6.Be2 e5 7.O-O Na6 8.d5 Nc5
9.Qc2 a5 10.Bg5 h6 11.Be3 Nh5 12.Rfe1 Nf4 13.Bf1 b6 14.Nd2 f5 15.g3 Nh5 16.exf5 gxf5
17.Nb3 Nd7 18.f4 Ndf6 19.Bh3 a4 20.Nd2 exf4 21.gxf4 Ng4 22.Bxg4 fxg4 23.Rf1 Bf5  0-1

[Event "JUG-ch Podgorica"]
[Site "Podgorica"]
[Date "1996.??.??"]
[Round "3"]
[White "Maksimovic, Branimir"]
[Black "Damljanovic, Branko"]
[Result "1/2-1/2"]
[WhiteElo "2375"]
[BlackElo "2510"]

1.d4 Nf6 2.c4 g6 3.Nc3 Bg7 4.e4 d6 5.Be2 O-O 6.Nf3 e5 7.O-O Na6 8.Be3 Ng4
9.Bg5 f6 10.Bh4 Nh6 11.dxe5 dxe5 12.Qxd8 Rxd8 13.Rfd1 Be6 14.Ne1 c6 15.f3 Nf7
16.Nc2 Nd6 17.b3 Kf7 18.Bf2 b6 19.Na4 Nb7 20.b4 Nc7 21.Nc3 Bf8 22.a3 Ne8
23.Rxd8 Rxd8 24.Rd1 Rc8 25.Rb1 Rc7 26.Na4 Rd7 27.Be3 h5 28.Kf2 f5 29.exf5 Bxf5
30.Rd1 Nf6 31.Rxd7+ Nxd7 32.Ne1 c5 33.Bd2 Nf6 34.Nd3 Nd7 35.g4 Be6 36.Nab2 Nd6
37.bxc5 bxc5 38.gxh5 gxh5 39.f4 Ne4+ 40.Ke3 Nxd2 41.Bxh5+ Kf6 42.fxe5+ Nxe5
43.Kxd2 Nxc4+ 44.Nxc4 Bxc4 45.Kc3 Bg8 46.Be2 Kg5 47.Nb2 Bg7+ 48.Kc2 Be6 49.Bc4 Bf5+
50.Kb3 Bd4 51.Nd3 Bd7 52.Bd5 Bb5 53.Bc4 Bc6 54.Bg8 Bb5 55.Bc4 Bc6 56.Bg8  1/2-1/2

[Event "JUG-ch Podgorica"]
[Site "Podgorica"]
[Date "1996.??.??"]
[Round "4"]
[White "Mozetic, Dejan"]
[Black "Ilincic, Zlatko"]
[Result "0-1"]
[WhiteElo "2495"]
[BlackElo "2555"]

1.d4 Nf6 2.c4 g6 3.Nc3 Bg7 4.e4 d6 5.Nf3 O-O 6.Be2 e5 7.Be3 Na6 8.O-O Ng4
9.Bg5 Qe8 10.dxe5 dxe5 11.h3 h6 12.Bd2 Nf6 13.Be3 Nh5 14.c5 Nf4 15.Bb5 Qe6
16.Re1 Kh7 17.Rc1 g5 18.Bf1 c6 19.Bxf4 gxf4 20.Qd6 Qxd6 21.cxd6 Nc5 22.b4 Ne6
23.Na4 Rd8 24.Rcd1 b6 25.Bc4 Kg8 26.Re2 Nd4 27.Nxd4 Rxd6 28.Nb2 Rxd4 29.Rxd4 exd4
30.f3 Bd7 31.Nd3 a5 32.bxa5 Rxa5 33.Rb2 Ra4 34.Bb3 Ra3 35.Nxf4 c5 36.Bc4 Rc3
37.Ba6 d3 38.Rd2 Bd4+ 39.Kh2 Be3  0-1

[Event "JUG-ch Podgorica"]
[Site "Podgorica"]
[Date "1996.??.??"]
[Round "5"]
[White "Maksimovic, Branimir"]
[Black "Mozetic, Dejan"]
[Result "0-1"]
[WhiteElo "2375"]
[BlackElo "2495"]

1.d4 Nf6 2.c4 g6 3.Nc3 Bg7 4.e4 d6 5.Nf3 O-O 6.Be2 e5 7.dxe5 dxe5 8.Qxd8 Rxd8
9.Bg5 c6 10.Nxe5 Re8 11.O-O-O Na6 12.Rd6 Nh5 13.Ng4 Nc5 14.Nh6+ Kf8 15.Be3 Nxe4
16.Nxe4 Rxe4 17.Rd8+ Ke7 18.Rhd1 Bxh6 19.Bxh6 Rxe2 20.g4 Nf4 21.Bg5+ f6 22.Bxf4 Re4
23.Bc7 Bxg4 24.Rxa8 Rxc4+ 25.Kd2 Rd4+ 26.Kc3 Rxd1 27.Rxa7 Bc8 28.a4 g5 29.a5 c5
30.a6 bxa6 31.Bb6+ Kd6 32.Rxh7 Kc6 33.Ba5 Kb5 34.b4 Rd3+ 35.Kxd3 Bf5+ 36.Ke3 Bxh7
37.Bd8 cxb4 38.Bxf6 Kc4 39.f3 Kb3 40.Kd2 Ka2 41.Kc1 b3  0-1

[Event "JUG-ch Podgorica"]
[Site "Podgorica"]
[Date "1996.??.??"]
[Round "6"]
[White "Mozetic, Dejan"]
[Black "Damljanovic, Branko"]
[Result "1/2-1/2"]
[WhiteElo "2495"]
[BlackElo "2510"]

1.d4 Nf6 2.c4 g6 3.Nc3 Bg7 4.e4 d6 5.Nf3 O-O 6.Be2 e5 7.Be3 c6 8.dxe5 dxe5
9.Qxd8 Rxd8 10.Nxe5 Nxe4 11.Nxe4 Bxe5 12.Bg5 Rd4 13.Nd2 f6 14.Be3 Rd8 15.O-O-O Re8
16.Ne4 Bf5 17.Nd6 Bxd6 18.Rxd6 Na6 19.g4 Be6 20.Rhd1 Kf7 21.a3 Nc7 22.Kc2 Re7
23.Kc3 Ree8 24.Bf3 a6 25.Bb6 Rac8 26.a4 f5 27.g5 Ke7 28.a5 Nd5+ 29.R6xd5 cxd5
30.c5 Kd7 31.Rd4 Kc6 32.Bd1 Kd7 33.Ba4+ Ke7 34.Bxe8 Kxe8 35.Rh4 Bg8 36.Kd4 Kd7
37.Rh3 Re8 38.Re3 Re4+ 39.Rxe4 dxe4 40.Ke5 Bb3 41.h4 Kc6 42.h5 gxh5 43.Kxf5 Bc2
44.Kf4 Kd5 45.Kg3 Bd1 46.Kf4 Bg4 47.b4 Bd7 48.Bd8 Be8 49.Bf6 Bc6 50.f3 exf3
51.Kxf3 Kc4+ 52.Kg3 Kxb4 53.Bd8 Kxc5 54.Bb6+ Kd5 55.Kh4 Be8 56.Kg3 Ke4 57.Kh4 Kf5
58.Bf2 Kg6 59.Be1 h6 60.gxh6 Kxh6 61.Bf2 Bc6 62.Be3+ Kg6 63.Bd2  1/2-1/2

[Event "JUG-ch Podgorica"]
[Site "Podgorica"]
[Date "1996.??.??"]
[Round "8"]
[White "Arsovic, Zoran"]
[Black "Mozetic, Dejan"]
[Result "1-0"]
[WhiteElo "2460"]
[BlackElo "2495"]

1.Nf3 Nf6 2.c4 g6 3.Nc3 Bg7 4.e4 d6 5.d4 O-O 6.Be3 e5 7.Be2 Ng4 8.Bg5 f6
9.Bh4 Nd7 10.d5 Nh6 11.Nd2 g5 12.Bg3 f5 13.exf5 Nf6 14.Nde4 Nxe4 15.Nxe4 Bxf5
16.Bd3 g4 17.O-O Bxe4 18.Bxe4 Qg5 19.Qd3 Nf5 20.Rac1 Rf7 21.Bxf5 Rxf5 22.c5 Raf8
23.cxd6 cxd6 24.Rc4 h5 25.Qe2 Kh8 26.a4 Qf6 27.h3 gxh3 28.gxh3 Bh6 29.Kh2 Rf3
30.Rg1 Qf7 31.Qe4 Bg5 32.Rg2 Bd8 33.Rc8 Rf5 34.Qb4 Qd7 35.Rb8 b6 36.Qd2 Kh7
37.Qc2 Rf7 38.h4 Kh6 39.Rc8 Bc7 40.Rh8+ Rh7 41.Qc1+  1-0

[Event "JUG-ch Podgorica"]
[Site "Podgorica"]
[Date "1996.??.??"]
[Round "12"]
[White "Stojanovic, Mihajlo"]
[Black "Ilincic, Zlatko"]
[Result "0-1"]
[WhiteElo "2435"]
[BlackElo "2555"]

1.c4 Nf6 2.Nc3 g6 3.e4 d6 4.d4 Bg7 5.Nf3 O-O 6.Be2 e5 7.Be3 Na6 8.O-O Ng4
9.Bg5 Qe8 10.dxe5 dxe5 11.h3 h6 12.Bd2 Nf6 13.Be3 Nh5 14.Re1 Nf4 15.Bf1 Ne6
16.a3 b6 17.b4 Bb7 18.Ra2 c6 19.Rd2 Rd8 20.Rxd8 Qxd8 21.Qa4 Nd4 22.Rd1 Nxf3+
23.gxf3 Qb8 24.b5 cxb5 25.Nxb5 Rc8 26.Nd6 Rd8 27.Nxb7 Rxd1 28.Qxd1 Qxb7 29.Qd8+ Kh7
30.h4 h5 31.Bh3 Qc7 32.Qxc7 Nxc7 33.c5 b5 34.c6 Bf8 35.Bxa7 Bxa3 36.Bf1 Bd6
37.Bb6 b4 38.Bc4 Kg7 39.f4 exf4 40.Bd4+ f6 41.Kg2 Ne8 42.Be6 Kf8 43.Bd7 Kf7
44.Bxe8+ Kxe8 45.Bxf6 Kf7 46.Bd4 Ke6 47.Kf3 Bc7 48.Bb2 Bd8 49.Kxf4 Bxh4 50.Bd4 Bd8
51.Bc5 b3 52.Ba3 Be7 53.c7 Kd7  0-1

[Event "JUG-ch Podgorica"]
[Site "Podgorica"]
[Date "1996.??.??"]
[Round "14"]
[White "Stojanovic, Mihajlo"]
[Black "Damljanovic, Branko"]
[Result "1/2-1/2"]
[WhiteElo "2435"]
[BlackElo "2510"]

1.d4 Nf6 2.c4 g6 3.Nc3 Bg7 4.e4 d6 5.Nf3 O-O 6.Be2 e5 7.Be3 c6 8.dxe5 dxe5
9.Qxd8 Rxd8 10.Nxe5 Re8 11.f4 Nbd7 12.Bd4 Nh5 13.Bxh5 Nxe5 14.Be2 Nf3+ 15.Bxf3 Bxd4
16.Rd1 Bxc3+ 17.bxc3 Bf5 18.Kf2 Bxe4 19.Rd7 Bxf3 20.Kxf3 Re6 21.Rhd1 Rae8
22.R1d3 R6e7 23.c5 h5 24.h3 Re1 25.Rd8 Kf8 26.Rxe8+ Kxe8 27.Re3+ Rxe3+ 28.Kxe3 Ke7
29.g4 hxg4 30.hxg4 Kf6 31.Kd4 Ke6 32.a4 f6 33.a5  1/2-1/2

[Event "JUG-ch Podgorica"]
[Site "Podgorica"]
[Date "1996.??.??"]
[Round "15"]
[White "Maksimovic, Branimir"]
[Black "Pikula, Dejan"]
[Result "1/2-1/2"]
[WhiteElo "2375"]
[BlackElo "2455"]

1.d4 Nf6 2.c4 g6 3.Nc3 Bg7 4.e4 d6 5.Nf3 O-O 6.Be2 e5 7.dxe5 dxe5 8.Qxd8 Rxd8
9.Bg5 c6 10.Nxe5 Re8 11.O-O-O Na6 12.Rd6 Nh5 13.Ng4 Nc5 14.Nh6+ Kf8 15.Bxh5 Bxc3
16.Bf3 Be5 17.Rd2 Bg7 18.Be3 Nxe4 19.Bxe4 Rxe4 20.Rd8+ Ke7 21.Rg8 Rxc4+ 22.Kd2 Bxh6
23.Bxh6 Rd4+ 24.Ke3 Re4+ 25.Kd2 b6 26.Re1 Rxe1 27.Kxe1 Bb7 28.Rxa8 Bxa8 29.Kd2 c5
30.g3 Bd5 31.a3 a5 32.Kc3 b5 33.h4 Be6 34.Be3 Kd6 35.Bg5 Kd7 36.Kc2 Bg4 37.Kd2 Bf5
38.Kc1 b4 39.axb4 cxb4 40.b3 Kc6 41.Bd8 Kb5 42.Kb2 Bg4 43.Bf6 Bf3 44.Bg7 a4
45.bxa4+ Kxa4 46.Bf8 Kb5 47.Be7 Kc4 48.Bd6 b3 49.Be5 Bd5 50.Bf6 Kd3 51.Kc1 Ke2
52.Bd4 Be6 53.Kb2 Kf3 54.Kc3 Ke4 55.Bf6 Kf5 56.Bd8 f6 57.Kb2 Bd5 58.Kc3 h6
59.Kb2 g5 60.Kc3 Kg6 61.Be7 Bf7 62.Bd8 f5 63.hxg5 h5 64.f4 Bd5 65.Kb2 Kf7
66.g6+  1/2-1/2

[Event "POL-ch"]
[Site "Poland"]
[Date "1996.??.??"]
[Round "15"]
[White "Oliwa, Marek"]
[Black "Pedzich, Dominik"]
[Result "0-1"]
[WhiteElo "2440"]
[BlackElo "2425"]

1.d4 Nf6 2.c4 g6 3.Nc3 Bg7 4.e4 d6 5.Nf3 O-O 6.Be2 e5 7.O-O exd4 8.Nxd4 Re8
9.f3 Nc6 10.Be3 Nh5 11.Qd2 Nf4 12.Bd1 Nxd4 13.Bxd4 Qg5 14.Be3 Bd4 15.Re1 Bxe3+
16.Rxe3 Nxg2 17.Re2 Nf4+ 18.Kh1 Be6 19.b3 Qe5 20.Re1 c6 21.Bc2 Rad8 22.Rad1 Bh3
23.Ne2 Bg2+ 24.Kg1 Qc5+ 25.Qd4  0-1

[Event "Polanica Zdroj op"]
[Site "Polanica Zdroj"]
[Date "1996.??.??"]
[Round "6"]
[White "Michalski, Olaf"]
[Black "Kucypera, Anna"]
[Result "1-0"]
[WhiteElo "2305"]
[BlackElo "2020"]

1.d4 Nf6 2.c4 g6 3.Nc3 Bg7 4.e4 d6 5.Nf3 O-O 6.Be2 e5 7.d5 a5 8.h3 Na6 9.Bg5 h6
10.Be3 Bd7 11.Nd2 Nh7 12.g4 c6 13.Nf1 cxd5 14.cxd5 Nc5 15.Ng3 Rb8 16.Qd2 Qh4
17.Bb5 Rfd8 18.Bxd7 Rxd7 19.Nce2 Nf6 20.Bxc5 dxc5 21.Ng1 Ne8 22.Qxa5 b5 23.Qd2 Nd6
24.Nf3 Qf6 25.Qe2 c4 26.O-O Nb7 27.b4 Qf4 28.Ne1 Nd6 29.Ng2 Qg5 30.Qe3 Qe7
31.Ne2 f5 32.f3 Ra8 33.Ne1 Rda7 34.a3 f4 35.Qc1 Qh4 36.Kh2 Kh7 37.Nc2 Nf7
38.Qe1 Qe7 39.Nc3 Nd6 40.Qf2 Bf6 41.a4 bxa4 42.b5 h5 43.Nb4 hxg4 44.hxg4 Bh4
45.Qc5 Be1 46.Rfxe1 Qh4+ 47.Kg2 Qg3+ 48.Kf1 Qxf3+ 49.Qf2 Qxc3 50.Nc6 Rb7
51.Rac1 Qd3+ 52.Qe2 Rxb5 53.Nxe5 Qh3+ 54.Qg2 Qxg2+ 55.Kxg2 Re8 56.Nf3 Rb2+
57.Kg1 Rb3 58.Kg2 Rb2+ 59.Kf1 Rb3 60.Ng5+ Kh6  1-0

[Event "Rubinstein mem"]
[Site "Polanica Zdroj"]
[Date "1996.??.??"]
[Round "9"]
[White "Kempinski, Robert"]
[Black "Markowski, Tomasz"]
[Result "1-0"]
[WhiteElo "2510"]
[BlackElo "2540"]

1.d4 d6 2.Nf3 Nf6 3.c4 g6 4.Nc3 Bg7 5.e4 O-O 6.Be2 Na6 7.O-O e5 8.Re1 Bg4
9.d5 Nc5 10.Qc2 a5 11.Be3 Ne8 12.Nd2 Bxe2 13.Nxe2 f5 14.exf5 gxf5 15.f4 e4
16.Nd4 Qh4 17.Rf1 Nd3 18.N2f3 Qg4 19.Ng5 Bxd4 20.Bxd4 Nxf4 21.Rxf4 Qxg5 22.Raf1 Ng7
23.Qf2 Rae8 24.h4 Qg6 25.Kh2 c5 26.dxc6 Ne6 27.cxb7 Rb8 28.g4 Qh6 29.Rxf5 Rxf5
30.Qxf5 Rxb7 31.Qxe4 Qxh4+ 32.Kg2 Qh3+ 33.Kxh3 Ng5+ 34.Kg2 Nxe4 35.Rf5 a4
36.Rb5 Rc7 37.Rb4 Nd2 38.Rxa4 Nxc4 39.b3 Nd2 40.Kf2  1-0

[Event "Porto San Giorgio op"]
[Site "Porto San Giorgio"]
[Date "1996.??.??"]
[Round "?"]
[White "Scavo, Fernando"]
[Black "Passoni, Carlo"]
[Result "0-1"]
[WhiteElo "2150"]
[BlackElo "2230"]

1.d4 Nf6 2.c4 g6 3.Nc3 Bg7 4.e4 d6 5.Be2 O-O 6.Nf3 e5 7.O-O exd4 8.Nxd4 Re8
9.f3 Nc6 10.Be3 Nh5 11.f4 Nf6 12.Bf3 Ng4 13.Bxg4 Bxg4 14.Nxc6 Qd7 15.Qd2 Qxc6
16.Bd4 Bxd4+ 17.Qxd4 Be6 18.f5 Bxc4 19.Rf2 Qc5 20.Qd2 d5 21.exd5 Re5 22.Kh1 Rae8
23.h3 Bxd5 24.b4 Qd6 25.Nb5 Bxg2+ 26.Rxg2 Qxd2 27.Rxd2 Rxb5 28.fxg6 hxg6
29.Rd7 c6 30.Rf1 Rf8 31.a3 a5 32.bxa5 Rxa5 33.Rf3 Rb5 34.Re3 b6 35.Kg2 c5
36.Rc7 Rd8 37.Ree7 Rd2+ 38.Kf3 Rb3+ 39.Kg4 Rd4+ 40.Kg5 Rg3+ 41.Kf6 Rf3+  0-1

[Event "Porto San Giorgio op"]
[Site "Porto San Giorgio"]
[Date "1996.??.??"]
[Round "?"]
[White "Arlandi, Ennio"]
[Black "Miljanic, Boro"]
[Result "1-0"]
[WhiteElo "2455"]
[BlackElo "2410"]

1.d4 Nf6 2.c4 g6 3.Nc3 Bg7 4.e4 d6 5.Nf3 O-O 6.Be2 e5 7.O-O exd4 8.Nxd4 Re8
9.f3 Nh5 10.g4 Nf6 11.Be3 Nc6 12.Qd2 h5 13.h3 Nd7 14.Kg2 Nc5 15.Bg5 Qd7 16.Nd5 f5
17.Nb5 Ne6 18.Nf6+ Bxf6 19.Bxf6 Rf8 20.exf5 gxf5 21.Bc3 a6 22.Na3 Qf7 23.gxh5 Qxh5
24.f4 Qh6 25.Kh2 Kh7 26.Nc2 Bd7 27.Bd3 Ne7 28.Nd4 Nxd4 29.Bxd4 Rg8 30.Rg1 Ng6
31.Raf1 Raf8 32.Rg3 Nh4 33.Rg5 Rg6 34.Qe3 Rf7 35.Rfg1 Bc6 36.Rxg6 Nxg6 37.Rg5 Nh4
38.Be2 Ng2 39.Qg3  1-0

[Event "Porto San Giorgio op"]
[Site "Porto San Giorgio"]
[Date "1996.??.??"]
[Round "?"]
[White "Rotstein, Arkadij"]
[Black "Anceschi, Vittorio"]
[Result "1-0"]
[WhiteElo "2445"]
[BlackElo "2285"]

1.Nf3 g6 2.c4 Bg7 3.d4 d6 4.e4 Nf6 5.Nc3 O-O 6.Be2 e5 7.O-O Nbd7 8.Re1 h6
9.Bf1 Kh7 10.Rb1 exd4 11.Nxd4 Re8 12.f3 c6 13.Kh1 Ne5 14.Be3 a6 15.Bg1 c5
16.Nc2 Be6 17.Nd5 Bxd5 18.cxd5 b5 19.b4 Ned7 20.bxc5 dxc5 21.a4 b4 22.Ne3 Nh5
23.Nc4 Qh4 24.g4 Ng3+ 25.Kg2 Nxf1 26.Rxf1 f5 27.exf5 gxf5 28.Qc2 Qf6 29.Ne3 Kh8
30.Nxf5 Re5 31.Rfd1 Rae8 32.Rd2 Bf8 33.Bf2 Qg5 34.h4 Qf4 35.Rbd1 Rxf5 36.Qxf5 Qxf5
37.gxf5 c4 38.Rd4 Rc8 39.d6 b3 40.Rb1 Bg7 41.Rg4 Bf6 42.Rg6 Rg8 43.Kf1 Rxg6
44.fxg6 Nf8 45.h5 Ne6 46.d7 Kg8 47.f4 Nf8 48.d8=Q Bxd8 49.Bd4 Ne6 50.Be5 Bc7
51.Bb2  1-0

[Event "Portoroz"]
[Site "Portoroz"]
[Date "1996.??.??"]
[Round "?"]
[White "Tukmakov, Vladimir B"]
[Black "Fercec, Nenad"]
[Result "1/2-1/2"]
[WhiteElo "2595"]
[BlackElo "2405"]

1.d4 Nf6 2.Nf3 g6 3.c4 Bg7 4.Nc3 O-O 5.e4 d6 6.Be2 Na6 7.O-O e5 8.Be3 Qe8
9.dxe5 dxe5 10.h3 b6 11.a3 Bb7 12.Qc2 Nh5 13.b4 c5 14.Rab1 f5 15.Nd5 Rc8
16.Rfd1 Kh8 17.exf5 gxf5 18.Ng5 h6 19.Ne6 Qxe6 20.Bxh5 cxb4 21.axb4 b5 22.Bxa7 Rxc4
23.Qd3 Rg8 24.Ne3 Rh4 25.Qxb5 Be4 26.Be2 Nc7 27.Qb6 Bxb1 28.Qxe6 Nxe6 29.Rxb1 Nd4
30.Bxd4 Rxd4 31.Nxf5 Rd2 32.Bf3 Rb8 33.b5 Bf8 34.Ng3 Rb6 35.Bc6 Rc2 36.Rd1 Bc5
37.Rd8+ Kg7 38.Ne4 Bd4 39.g3 Re2 40.Rd7+ Kf8 41.Kg2 Rxe4 42.Bxe4 Rxb5 43.f4 Rb2+
44.Kf3 Rb3+ 45.Kg4 Bf2 46.fxe5 Rxg3+ 47.Kf5 Rg7 48.Rd6 Rg5+ 49.Kf6 Rxe5 50.Bg6 Bh4+
51.Kxe5 Bg3+ 52.Ke6 Bxd6 53.Kxd6 Kg7 54.Bh5 Kh8  1/2-1/2

[Event "Kottnauer mem"]
[Site "Prague"]
[Date "1996.??.??"]
[Round "5"]
[White "Stohl, Igor"]
[Black "Smejkal, Jan"]
[Result "1/2-1/2"]
[WhiteElo "2515"]
[BlackElo "2510"]

1.d4 Nf6 2.c4 g6 3.Nf3 Bg7 4.Nc3 O-O 5.e4 d6 6.Be2 e5 7.O-O Nbd7 8.Qc2 c6
9.Rd1 Qe7 10.Rb1 exd4 11.Nxd4 Nc5 12.f3 Nh5 13.b4 Ne6 14.Nxe6 Bxe6 15.g4 Be5
16.gxh5 Bxh2+ 17.Kxh2 Qh4+ 18.Kg1 Qg3+ 19.Kh1 Qh3+ 20.Kg1 Qg3+ 21.Kh1 Qh3+  1/2-1/2

[Event "Helma op"]
[Site "Pribram"]
[Date "1996.??.??"]
[Round "?"]
[White "Babula, Vlastimil"]
[Black "Stocek, Jiri"]
[Result "1-0"]
[WhiteElo "2535"]
[BlackElo "2440"]

1.d4 Nf6 2.c4 g6 3.Nc3 Bg7 4.e4 d6 5.Nf3 O-O 6.Be2 e5 7.d5 Nbd7 8.Bg5 h6
9.Bh4 g5 10.Bg3 Nh5 11.h4 g4 12.Nh2 Nxg3 13.fxg3 h5 14.O-O f5 15.Rxf5 Rxf5
16.exf5 Nc5 17.Qd2 Qf6 18.Rf1 Bxf5 19.Nxg4 hxg4 20.Bxg4 Bxg4 21.Rxf6 Bxf6
22.Qh6 Bg7 23.Qg5 Bd7 24.h5 Kf8 25.b4 Na6 26.Ne4 Be8 27.h6 Bh8 28.Qf5+ Ke7
29.Qe6+  1-0